| 000 | 00587nam a22001937a 4500 | ||
|---|---|---|---|
| 003 | CEME | ||
| 005 | 20210628203021.0 | ||
| 008 | 210216b xxu||||| |||| 00| 0 eng d | ||
| 020 | _a81-7808-500-3 | ||
| 040 | _c. | ||
| 082 | _a658.51 FRE | ||
| 100 |
_aFrench, Wendell L Bell, Cecil H _962890 |
||
| 245 | _aOrganization development, behavioral science interventions for organizations improvement | ||
| 250 | _a6TH | ||
| 260 |
_aINDIA _bPEARSON EDUCATION ASIA _c2001 |
||
| 300 | _aXV,343P | ||
| 650 |
_aORGANIZATIONS IMPROVEMENT, ORGANIZATIONAL BEHAVIORA _962891 |
||
| 942 |
_cBK _2ddc |
||
| 999 |
_c571848 _d571848 |
||